Classement de la Premier League 2022-2023 - Statistiques

Statistiques générales
  • Ce quiz a été pris 196 fois
  • Le résultat moyen est 8 sur 20
Statistiques - réponses
# Points J V N D Club DB % Correct
1 89 38 28 5 5 Manchester City +61
98%
2 84 38 26 6 6 Arsenal +45
96%
3 75 38 23 6 9 Manchester United +15
70%
5 67 38 19 10 9 Liverpool +28
65%
8 60 38 18 6 14 Tottenham +7
63%
4 71 38 19 14 5 Newcastle +35
60%
6 62 38 18 8 12 Brighton +19
50%
12 44 38 11 11 16 Chelsea -9
46%
7 61 38 19 7 13 Aston Villa +5
37%
18 34 38 9 7 22 Leicester -17
33%
10 52 38 15 7 16 Fulham +2
27%
19 31 38 7 10 11 Leeds -30
26%
14 40 38 11 7 20 West Ham -13
26%
9 59 38 15 14 9 Brentford +12
24%
11 45 38 11 12 15 Crystal Palace -9
24%
17 36 38 8 12 18 Everton -23
23%
20 25 38 6 7 25 Southampton -37
23%
16 38 38 9 11 18 Nottingham Forest -30
21%
13 41 38 11 8 19 Wolverhampton -27
21%
15 39 38 11 6 21 Bournemouth -34
17%
Aucun quiz correspondant
Distribution des résultats
% des personnes avec chaque résultat
Percentile par nombre de réponses
Votre historique - résultats
Vous n’avez pas pris ce quiz